Statistics for Mortal Kombat Trivia Quiz

Click here to take the quiz!

General Stats

  • This quiz has been taken 598 times
    (597 since last reset)
  • The average score is 14 of 26

Answer Stats

Answer% Correct
ActorJohnny Cage
96%
Thunder GodRaiden
95%
Tarkatan LeaderBaraka
93%
Scorpion's famous quoteGet Over Here!
80%
EmperorShao Kahn
80%
Creator of the franchiseEd Boon
75%
Creature that appears on the logoDragon
74%
Queen of EdeniaSindel
71%
Kano is a member of...Black Dragon
68%
Elder God and Lord of NetherrealmShinnok
63%
This character was the original Sub-Zero but was then resurrected intoNoob Saibot
62%
Character on MK also from Nightmare on Elm StreetFreddy Krueger
60%
Name of original Sub ZeroBi Han
57%
Goro and Sheeva belong to this raceShokan
57%
Number of games made9
56%
DLC Character on MK 2011 which is a PS3 exclusiveKratos
56%
Name of boss fought in ArmageddonBlaze
51%
Most notable quote from the whole franchiseFatality
42%
Initiative that would change the face of the Lin KueiCyber Initiative
38%
Character played as during MK Deception KonquestShujinko
38%
Former game producersMidway
27%
Now?^^Netherrealm Studios
24%
Lin Kuei members turned into CyborgsSektor and Cyrax
17%
Special Forces crewSonya and Jax
12%
Mortal Kombat spin off gameMortal Kombat vs DC
9%
Scorpion's birthplaceEarthrrealm
1%

Score Distribution

Percentile by Number Answered

Percent of People with Each Score

Your Score History

You have not taken this quiz since the last reset